Online
Catalog

Los dueños de la República Dominicana / (Record no. 58005)

MARC details
000 -CABECERA
campo de control de longitud fija 01760nam a2200313 a 4500
003 - IDENTIFICADOR DEL NÚMERO DE CONTROL
campo de control DO-SdBNP
005 - FECHA Y HORA DE LA ÚLTIMA TRANSACCIÓN
campo de control 20250108133159.0
007 - CAMPO FIJO DE DESCRIPCIÓN FÍSICA--INFORMACIÓN GENERAL
campo de control de longitud fija ta
008 - DATOS DE LONGITUD FIJA--INFORMACIÓN GENERAL
campo de control de longitud fija 250108e2013 sp ||||er|||| 000 fdspa d
020 ## - NÚMERO INTERNACIONAL ESTÁNDAR DEL LIBRO
Número Internacional Estándar del Libro 9789945489712
040 ## - FUENTE DE LA CATALOGACIÓN
Centro catalogador/agencia de origen DO-SdBNP
Lengua de catalogación spa
Centro/agencia transcriptor BNPHU
Normas de descripción rda
041 ## - CÓDIGO DE LENGUA
Código de lengua original spa
082 #4 - NÚMERO DE LA CLASIFICACIÓN DECIMAL DEWEY
Número de clasificación 305.52
Número de documento/Ítem R789d
Número de edición 22
100 1# - ENTRADA PRINCIPAL--NOMBRE DE PERSONA
Nombre de persona Rosario, Esteban
Término indicativo de función/relación autor
9 (RLIN) 7082
245 10 - MENCIÓN DE TÍTULO
Título Los dueños de la República Dominicana /
Mención de responsabilidad, etc. Esteban Rosario
264 ## - PRODUCCIÓN, PUBLICACIÓN, DISTRIBUCIÓN, FABRICACIÓN Y COPYRIGHT
Producción, publicación, distribución, fabricación y copyright Santo Domingo :
Nombre del de productor, editor, distribuidor, fabricante Santuario,
Fecha de producción, publicación, distribución, fabricación o copyright 2013
300 ## - DESCRIPCIÓN FÍSICA
Extensión 352 páginas. ;
Dimensiones 24 cm.
336 ## - TIPO DE CONTENIDO
Término de tipo de contenido rdacontent
Código de tipo de contenido texto
Fuente txt
337 ## - TIPO DE MEDIO
Nombre/término del tipo de medio rdamedia
Código del tipo de medio sin mediación
Fuente n
338 ## - TIPO DE SOPORTE
Nombre/término del tipo de soporte rdacarrier
Código del tipo de soporte volumen
Fuente nc
505 ## - NOTA DE CONTENIDO CON FORMATO
Nota de contenido con formato Familia Vicini-Cabral 1 -- Familia Bonetti 27 -- Familia Barcelo 31 -- Familia Villella-San Miguel 37 -- Familia Hazin Azar-Frapier 38 -- Familia Corripio Cáceres 40 -- Familia Troncoso 43 -- Familia Troncoso-Cáceres 44 -- Familia Brugal 46 -- Familia Ariza 48 -- Familia E. León Jiménez 52 -- Familia Peynado 53 -- Familia Armenteros 55 -- Familia Haché 57 -- Familia Vitienes 58 -- Familia Pellerano-Ricart Romano 60 -- Los viejos Ricos Dom 72 -- Árbol Genealógico de la Oligarquía Dom 85 -- Concentración de la Tierra y Monopolios Agrícolas 99 -- Control de Organismos de Decisión del Estado 135 -- Control de las Instituciones sin fines de lucro 146 -- Control de las Universidades Privadas 174 -- Los Dueños de la Gran Industria 191 -- Oligarquía y Capital Extranjero 206 -- Inversiones Turísticas 220 -- No pagan Luz ni Agua y les exonera 225 -- Sector Financiero 232
590 ## - NOTA LOCAL (RLIN)
Nota local Inventariado 2025 / DG
650 #4 - PUNTO DE ACCESO ADICIONAL DE MATERIA--TÉRMINO DE MATERIA
Término de materia o nombre geográfico como elemento de entrada Millonarios
9 (RLIN) 80984
650 #4 - PUNTO DE ACCESO ADICIONAL DE MATERIA--TÉRMINO DE MATERIA
Término de materia o nombre geográfico como elemento de entrada Oligarquía
9 (RLIN) 596
650 #0 - PUNTO DE ACCESO ADICIONAL DE MATERIA--TÉRMINO DE MATERIA
Término de materia o nombre geográfico como elemento de entrada Novela dominicana
9 (RLIN) 223
650 #0 - PUNTO DE ACCESO ADICIONAL DE MATERIA--TÉRMINO DE MATERIA
Término de materia o nombre geográfico como elemento de entrada Riqueza
9 (RLIN) 86879
910 ## - DATOS DE OPCIÓN DEL USUARIO (OCLC)
Datos de opción del usuario DG
942 ## - ELEMENTOS DE PUNTO DE ACCESO ADICIONAL (KOHA)
Fuente del sistema de clasificación o colocación Dewey Decimal Classification
Tipo de ítem Koha Libro
Holdings
Estado de retiro Estado de pérdida Fuente del sistema de clasificación o colocación Restricciones de uso No para préstamo Código de colección Localización permanente Ubicación/localización actual Ubicación en estantería Fecha de adquisición Fuente de adquisición Total de préstamos Signatura topográfica completa Código de barras Fecha visto por última vez Precio válido a partir de Tipo de ítem Koha Nota pública
    Dewey Decimal Classification Excluido de préstamo   Patrimonio Dominicano Biblioteca Nacional Pedro Henríquez Ureña Biblioteca Nacional Pedro Henríquez Ureña En catalogación 08.01.2025 Donado por la Presidencia de la República Dominicana 2023   BNPHU PD 305.52 R789d 2025-0044 08.01.2025 08.01.2025 Libro Pertenecio a la biblioteca personal de René Rodríguez Soriano

Powered by Koha